01319nam a2200313 a 4500001001100000003000800011006001900019007001500038008004100053010001700094020002800111040002100139035002100160050002700181082001900208100002400227245012400251260003900375300001700414504006600431533015200497650006300649650005500712651005200767655002900819710001700848856012500865999001500990ebr5004833CaPaEBRm u cr cn|||||||||930614s1994 ctu sb 001 0 eng  z 93005416  z0275944670 (alk. paper) aCaPaEBRcCaPaEBR a(OCoLC)60619067614aBF431.5.U6bI87 1994eb04a153.9/09732201 aItzkoff, Seymour W.14aThe decline of intelligence in Americah[electronic resource] :ba strategy for national renewal /cSeymour W. Itzkoff. aWestport, Conn. :bPraeger,c1994. aviii, 242 p. aIncludes bibliographical references (p. [235]-236) and index. aElectronic reproduction.bPalo Alto, Calif. :cebrary,d2013.nAvailable via World Wide Web.nAccess may be limited to ebrary affiliated libraries. 0aIntelligence levelszUnited StatesxHistoryy20th century. 0aIntellectxGenetic aspectsxHistoryy20th century. 0aUnited StatesxIntellectual lifey20th century. 7aElectronic books.2local2 aebrary, Inc.40uhttp://site.ebrary.com/lib/rucke/Doc?id=5004833zAn electronic book accessible through the World Wide Web; click to view c1394d1394